| 000 | 00434nam a2200169Ia 4500 | ||
|---|---|---|---|
| 003 | GCL | ||
| 008 | 140319s9999 xx 000 0 ara d | ||
| 040 |
_aGCL / _cGCL |
||
| 082 | 0 | 4 |
_a210 _bم هـ |
| 100 | 1 | _aمحمد الغزالى | |
| 245 | 1 | 0 |
_aهذا ديننا / _cمحمد الغزالى |
| 260 |
_a[S.N] : _bدار الشروق ، _c1992 |
||
| 300 | _a282 ص | ||
| 490 | _a | ||
| 650 | 0 | 4 | _aالاسلام |
| 942 |
_2ddc _cBK |
||
| 999 |
_c53628 _d53628 |
||